Statistiche per Paesi Uniti #2

Clicka qui per fare il quiz!

Statistiche generali

  • Questo quiz è stato fatto 3.623 volte
  • Il punteggio medio è 14 su 20

Risposte nella Mappa

Le risposte nella mappa del quiz sottostante sono codificate secondo una scala di colori dal rosso al verde in base alla % di persone che hanno risposto correttamente.
 

Statistiche sulle risposte

Paese% Corretto
Cina
84%
Spagna
82%
Austria
79%
Portogallo
79%
Colombia
78%
Corea del Nord
77%
Venezuela
77%
Indonesia
76%
Ungheria
73%
Papua Nuova Guinea
72%
Thailandia
70%
Grecia
69%
Arabia Saudita
68%
Birmania
68%
Iraq
68%
Albania
67%
Namibia
61%
Botswana
58%
Etiopia
58%
Eritrea
57%

Distribuzione punteggi

Percentile per numero di risposta

Percentuale di utenti per punteggio

I tuoi punteggi nel tempo

Non hai fatto questo quiz